000
00309nam a22001337a 4500
008
170329b xxu||||| |||| 00| 0 eng d
020
_a
0721683460
041
_a
eng
080
_a
616-053.2
100
_a
8
101
_a
SHM
245
_a
PEDIATRIC AND ADOLESCENT GYNECOLOGY
_c
SANFILIPPO.J.S
942
_2
udc
_c
BK
999
_c
9045
_d
9045